00285nam a2200109 a 4500008004100000050001600041245001300057246002600070260004700096300002300143350000900166120416s1962 ||||||||||||||||| || u aTH 7703 Lig10aLighting aJ.W. Favie and others aEindhovenbPhilips Technical Libraryc1962 aviii, 186p. : ill. a0.00